Genus Theope: four new theope: four new species and a new subspecies (<Lepidoptera: Riodinidae>) (Registro nro. 10767)

Detalles MARC
000 -CABECERA
Campo de control 008090000a22002650004500
090 ## - CLASIFICACIÓN LOCAL
Colección AR
Consecutivo 01687
041 0# - IDIOMA
Código de idioma para texto/pista de sonido o título separado
100 1# - ASIENTO PRINCIPAL--NOMBRE PERSONAL
Nombre personal Hall, Jason P. W.
245 10 - MENCION DE TITULO
Título Genus Theope: four new theope: four new species and a new subspecies (<Lepidoptera: Riodinidae>)
650 14 - ASIENTO SECUNDARIO DE MATERIA - TERMINO TEMATICO
Término temático o nombre geográfico como elemento de entrada Mariposas
650 14 - ASIENTO SECUNDARIO DE MATERIA - TERMINO TEMATICO
Término temático o nombre geográfico como elemento de entrada Taxonomía
650 14 - ASIENTO SECUNDARIO DE MATERIA - TERMINO TEMATICO
Término temático o nombre geográfico como elemento de entrada Nuevas especies
651 #4 - ASIENTO SECUNDARIO DE MATERIA - NOMBRE GEOGRAFICO
-- Colombia
651 #4 - ASIENTO SECUNDARIO DE MATERIA - NOMBRE GEOGRAFICO
-- Costa Rica
651 #4 - ASIENTO SECUNDARIO DE MATERIA - NOMBRE GEOGRAFICO
-- Ecuador
651 #4 - ASIENTO SECUNDARIO DE MATERIA - NOMBRE GEOGRAFICO
-- Perú
651 #4 - ASIENTO SECUNDARIO DE MATERIA - NOMBRE GEOGRAFICO
-- Panamá
653 ## - TERMINO DE INDIZACION - NO CONTROLADO
-- Theope
-- Theope brevignoni
653 ## - TERMINO DE INDIZACION - NO CONTROLADO
-- Theope
-- Theope dabrerae
653 ## - TERMINO DE INDIZACION - NO CONTROLADO
-- Theope
-- Theope devriesi
653 ## - TERMINO DE INDIZACION - NO CONTROLADO
-- Theope
-- Theope kingi
700 1# - ASIENTO SECUNDARIO - NOMBRE PERSONAL
Nombre personal Willmott, Keith R.
773 1# - Item fuente:
Título Tropical Lepidoptera
Especificación de materiales 311
Descripción física 1
Paginas del Articulo 63-67
Lugar, editorial y fecha de publicación 1996
Información sobre la relación 7
942 ## - ELEMENTOS ADICIONALES (KOHA)
Tipo de ítem Artículo
Existencias
Withdrawn status Lost status Damaged status No para préstamo Colección Ubicación Permanente Ubicación actual Fecha de adquisición Datos de publicación Seriada Total Checkouts Número topográfico Inventario / Código de Barras Date last seen Ejemplar Price effective from Forma de adquisición Tipo de material
      No para Préstamo Hemeroteca Bogotá Bogotá 27/02/2015 Fuera de circulación   AR 01687 012052 25/03/2015 1 25/03/2015   Artículo